000 00315nam a22001337a 4500
008 170830b xxu||||| |||| 00| 0 eng d
020 _a2900205453558
041 _aeng
080 _23RD
_a070
100 _a40
101 _aMED
245 _aBUSINESS AND PROFESSIONAL COMMUNICATION
_cDISANZA,J.R
942 _2udc
_cBK
999 _c25637
_d25637